Management Accounting (Record no. 623)

MARC details
000 -LEADER
fixed length control field 00391nam a22001697a 4500
005 - DATE AND TIME OF LATEST TRANSACTION
control field 20180717151635.0
008 - FIXED-LENGTH DATA ELEMENTS--GENERAL INFORMATION
fixed length control field 160512b xxu||||| |||| 00| 0 eng d
020 ## - INTERNATIONAL STANDARD BOOK NUMBER
ISBN 81-7660-045-8
041 ## - LANGUAGE CODE
Language code of text/sound track or separate title eng
082 ## - DEWEY DECIMAL CLASSIFICATION NUMBER
Item number 1524
Classification number 658.1511
100 ## - MAIN ENTRY--AUTHOR NAME
Personal name Rao, A.P.
245 ## - TITLE STATEMENT
Title Management Accounting
260 ## - PUBLICATION, DISTRIBUTION, ETC. (IMPRINT)
Place of publication Pune
Name of publisher EPH,
Year of publication 2000
300 ## - PHYSICAL DESCRIPTION
Number of Pages 606p,
650 ## - SUBJECT ADDED ENTRY--TOPICAL TERM
Topical Term Management
942 ## - ADDED ENTRY ELEMENTS (KOHA)
Koha item type Books
Holdings
Lost status Damaged status Collection code Home library Current library Shelving location Date acquired Cost, normal purchase price Full call number Accession Number Koha item type
    MANAGEMENT JRU Library JRU Library SHELF-73-J 12/05/2016 365.00 658.1511 1524 Books
    Reference JRU Library   SHELF-29-B 12/05/2016 365.00 658.1511 1525 Books
    MANAGEMENT JRU Library JRU Library SHELF-73-J 12/05/2016 365.00 658.1511 1526 Books
      JRU Library   SHELF - 14 - H 12/05/2016 365.00 658.1511 1527 Books
    MANAGEMENT JRU Library JRU Library SHELF-73-J 12/05/2016 365.00 658.1511 1528 Books
    MANAGEMENT JRU Library JRU Library SHELF-73-J 12/05/2016 365.00 658.1511 1529 Books
      JRU Library   SHELF-73-J 12/05/2016 365.00 658.1511 1530 Books